000
00325nam a2200133Ia 4500
005
20251222155153.0
008
251222s9999||||xx |||||||||||||| ||spa||
082
_a
AFIS 16
100
_a
TORTORA Gerard J.
245
0
_a
Principios de la AnatomĂa y FisiologĂa
250
_a
1ra. ed.
264
_b
Mosby/Doyma
942
_c
LIB
999
_c
39659
_d
39659